000 00721cam a2200229 4500
001 ABS62874
008 000000n2000 000 0 eng u
035 _a(Sirsi) u108448
100 _aMonger, S.
245 _aPrivate property
260 _c2000
490 _aPFI Journal
_v5(4) September/October 2000, 100-102(3)
520 _aExamines the implementation of the PRIME contract and considers how the private sector can benefit from public sector experience in corporate occupancy issues.
590 _aABS
650 _aPRIME
650 _aCORPORATE OCCUPIERS
650 _aOUTSOURCING
650 _aSTEPS
650 _aPFI
690 _aMANAGEMENT-BUSINESS MANAGEMENT-FINANCIAL MANAGEMENT
942 _n0
999 _c64750
_d64750